| 000 | 00407nam a2200133Ia 4500 | ||
|---|---|---|---|
| 005 | 20250516145652.0 | ||
| 008 | 250516s9999 xx 000 0 und d | ||
| 020 | _a9780996635592 | ||
| 082 |
_a302 _bCAI |
||
| 100 | _aCaillé, Alain | ||
| 245 | 0 | _aGift Paradigm: A Short Introduction To The Anti-Utilitarian Movement In The Social Sciences | |
| 260 |
_bUniversity of Chicago Press _c2020 |
||
| 942 | _cENGLISH | ||
| 999 |
_c571140 _d571140 |
||